Songs Written ONLY by Taylor Swift - Statistics

General Stats
  • This quiz has been taken 309 times
    65 since last reset
  • The average score is 41 of 66
Answer Stats
Album (first release) Song % Correct
Speak Now (Deluxe) Ours
86%
Speak Now Speak Now
86%
Speak Now Long Live
83%
Speak Now Mine
83%
Lover Lover
81%
Speak Now Mean
81%
Red Red
81%
Speak Now Back to December
79%
Speak Now Dear John
79%
Speak Now Enchanted
79%
Speak Now Haunted
78%
Taylor Swift Our Song
78%
Fearless Love Story
76%
Speak Now Sparks Fly
76%
Speak Now (Taylor's Version) Castles Crumbling
71%
Fearless Fifteen
71%
Speak Now Last Kiss
71%
Speak Now (Deluxe) Superman
71%
Speak Now (Taylor's Version) When Emma Falls In Love
71%
Speak Now Better than Revenge
69%
Red State of Grace
69%
Speak Now (Taylor's Version) I Can See You
67%
Speak Now (Taylor's Version) Timeless
67%
The Hunger Games: Songs from District 12 and Beyond Eyes Open
66%
Speak Now (Taylor's Version) Foolish One
66%
Speak Now Innocent
66%
Speak Now (Taylor's Version) Electric Touch (feat. Fall Out Boy)
64%
The Tortured Poets Department: The Anthology Peter
64%
Speak Now Never Grow Up
62%
Speak Now The Story of Us
62%
The Tortured Poets Department Who's Afraid of Little Old Me?
62%
Beautiful Eyes Beautiful Eyes
60%
Fearless Change
60%
Beautiful Eyes I Heart ?
60%
Fearless (Platinum) The Other Side of the Door
60%
1989 This Love
60%
Where The Crawdads Sing (Original Motion Picture Soundtrack) Carolina
59%
Folklore My Tears Ricochet
59%
The Tortured Poets Department: The Anthology The Manuscript
59%
Red Begin Again
57%
Lover Daylight
57%
Red I Almost Do
57%
Taylor Swift Should've Said No
57%
The Tortured Poets Department: The Anthology The Black Dog
57%
Fearless (Taylor's Version) Mr. Perfectly Fine
55%
Fearless The Best Day
55%
Single Christmas Tree Farm
53%
Red Holy Ground
53%
Valentine's Day Soundtrack Today Was a Fairytale
53%
Lover Cornelia Street
52%
Fearless Forever & Always
52%
Fearless Jump Then Fall
52%
Red The Lucky One
52%
Red (Taylor's Version) Better Man
50%
Red Sad Beautiful Tragic
50%
Red Starlight
50%
Taylor Swift The Outside
50%
Fearless Hey Stephen
48%
Red (Deluxe) Girl At Home
47%
The Tortured Poets Department My Boy Only Breaks His Favorite Toys
47%
Red (Taylor's Version) Nothing New
47%
Midnights Vigilante Shit
47%
Evermore No Body, No Crime
45%
Red (Deluxe) The Moment I Knew
45%
Taylor Swift Holiday Collection Christmas Must Be Something More
43%
Fearless You're Not Sorry
43%
No matching quizzes found
Score Distribution
Percent of People with Each Score
Percentile by Number Answered
Your Score History
You have not taken this quiz since the last reset